000 00848nam a22002897a 4500
001 BR9511173
003 BR-BrBNA
005 20230928094845.0
007 ta
008 230509b bl.||||| |||| 00| 0 por d
040 _aBR-BrBNA
_bpor
_cBiblioteca Nacional de Agricultura
041 _a(Por)
072 _aE21; E20; Q02
_b9430
_b9420
090 _ 9430 BR9511173
110 1 _aServico de Apoio as Micro e Pequenas Empresas do Distrito Federal, Brasilia (Brasil)
_99295
245 1 _aComo montar uma fabrica de queijo e manteiga
_bSerie Oportunidades de Negocios
260 3 _aBrasilia, DF (Brasil):
_c1995.
300 _a85 p.
650 _aQueijo
650 _aManteiga
650 _aIndustria Alimenticia
650 _aInvestimento
650 _aReceita
650 _aCusto
909 _a202309
_bLucia
_c55
_dLucia Elande
942 _cBK
999 _c53052
_d53052